|
|
|
|
| LEADER |
00000nam0a2200000 4500 |
| 001 |
21748 |
| 005 |
20231030193916.0 |
| 035 |
|
|
|a (RuTPU)RU\TPU\book\21957
|
| 035 |
|
|
|a BOOK00006650
|
| 090 |
|
|
|a 21748
|
| 100 |
|
|
|a 20011209d1965 m y0rusy50 ca
|
| 101 |
0 |
|
|a rus
|a eng
|
| 102 |
|
|
|a RU
|
| 105 |
|
|
|a y j 000zy
|
| 200 |
1 |
|
|a Пособие по развитию навыков разговорной речи для студентов неязыковых вузов
|e Students` everyday english
|f А. Н. Кожевникова, Г. Н. Циванюк
|
| 210 |
|
|
|a Томск
|c Изд-во ТГУ
|d 1965
|
| 215 |
|
|
|a 260 с.
|
| 610 |
1 |
|
|a английский язык
|
| 610 |
1 |
|
|a учебные пособия
|
| 610 |
1 |
|
|a устная речь
|
| 610 |
1 |
|
|a разговорная речь
|
| 686 |
|
|
|a Ш143.21-923.4
|v LBC/SL-A
|2 rubbk
|
| 700 |
|
1 |
|a Кожевникова
|b А. Н.
|g Анна Николаевна
|
| 701 |
|
1 |
|a Циванюк
|b Г. Н.
|g Галина Николаевна
|
| 801 |
|
0 |
|a RU
|b 63413507
|c 20011209
|g PSBO
|
| 801 |
|
2 |
|a RU
|b 63413507
|c 20160513
|g PSBO
|
| 942 |
|
|
|c BK
|